Statistics for States that are Recognized by at Least One but not all UN Members

Click here to take the quiz!

General Stats

  • This quiz has been taken 106 times
  • The average score is 9 of 13

Answer Stats

UN member?Recognized UN MembersState% Correct
No14Taiwan
89%
No98Kosovo
86%
No138Palestine
86%
Yes178China
79%
Yes164Israel
77%
Yes185North Korea
70%
Yes191South Korea
68%
Yes191Armenia
56%
No5South Ossetia
55%
No40Western Sahara
52%
No5Abkhazia
49%
No1Northern Cyprus
43%
Yes191Cyprus
40%

Score Distribution

Percentile by Number Answered

Percent of People with Each Score

Your Score History

You have not taken this quiz